| 000 | 00425nam a2200169Ia 4500 | ||
|---|---|---|---|
| 005 | 20251020182616.0 | ||
| 008 | 200515s9999 xx 000 0 und d | ||
| 082 | _aSC/693.1:69.021/P45-MT | ||
| 110 | _aMinisterio de Trabajo | ||
| 245 | 0 | _aTrazado de cimientos | |
| 260 | _aLima | ||
| 260 | _c1970 | ||
| 300 | _a44 | ||
| 520 | _aSe explica gráficamente el trazado de cimientos | ||
| 650 | _aCIMENTACIONES | ||
| 942 | _cLIB | ||
| 999 |
_c3487 _d3487 |
||